000 00618nam a2200229Ia 4500
003 OSt
005 20220925212617.0
006 a|||||r|||| 00| 0
007 ta
008 220923b |||||||| |||| 00| 0 eng d
037 _cGeneral Book
040 _aRTL
_cRTL
_beng
041 _2eng
_aeng
082 _aH, M3
100 _aWatson Janet
_9277074
245 0 _aGeology and man
_b An introduction to applied earth
260 _aLondon
_bAllen and Unwin U K
_c1983
300 _a150p.
_ccm.
650 _aGeology
_915465
942 _hH, M3
_cGB
_2CC
999 _c560800
_d560800